| 000 | 01219cam a2200265 a 4500 | ||
|---|---|---|---|
| 005 | 20150806184456.0 | ||
| 008 | 150806s2009 ck ab fr 000 0 spa d | ||
| 020 | _a9789586954587 | ||
| 040 |
_aCO-BoUCM _cSandra Palacio _bspa _dSandra Palacio |
||
| 041 | 0 | _aspa | |
| 100 | 1 |
_aEspinosa Arango, Mónica Lucía _970706 |
|
| 245 | 1 | 3 |
_aLa civilización montés _bla visión india y el trasegar de Manuel Quintín Lame en Colombia _cMónica L. Espinosa Arango |
| 260 |
_aBogotá (Colombia) _bUniversidad de los Andes _c2009 |
||
| 300 |
_axiii, 225 páginas _bilustraciones, mapas |
||
| 600 | 1 | 4 |
_aQuintín Lame, Manuel _d1880-1967 _x Pensamiento político y social _970707 |
| 600 | 1 | 4 |
_aQuintín Lame, Manuel _d1880-1967 _v Biografías _970708 |
| 650 | 7 |
_aIndígenas de Colombia _917332 |
|
| 650 | 7 |
_aIndígenas _917319 _zColombia |
|
| 650 | 7 |
_aMovimientos indígenas _x Historia _z Colombia _970710 |
|
| 650 | 7 |
_aGuerra _zColombia _916638 |
|
| 690 |
_942845 _aHistoria de Colombia |
||
| 710 | 1 |
_aUniversidad de los Andes _bFacultad de Ciencias Sociales _bDepartamento de Antropología _bCentro de estudios socioculturales _943919 |
|
| 942 |
_2DEWEY _a21 _cLIBRO _e1 _h923.31 _mE775 |
||
| 999 |
_c300413 _d300413 |
||